Statistiques concernant Equipe de France de Football, Coupe du Monde de1930 à 2022

Cliquez ici pour prendre le quiz!

Statistiques générales

  • Ce quiz a été pris 3 199 fois
    (1 545 depuis la dernière actualisation)
  • Le résultat moyen est 26 sur 38

Statistiques - réponses

HintRéponse% Correct
2Argentine
99%
12RFA
98%
34Allemagne
97%
14Angleterre
96%
11Brésil
96%
5Belgique
94%
24Croatie
94%
6Italie
94%
Maroc
94%
13Uruguay
94%
23Danemark
91%
Australie
90%
29Espagne
90%
18Pologne
87%
30Portugal
87%
Tunisie
86%
26Suisse
81%
Pérou
79%
1Mexique
73%
21Afrique du sud
69%
25Sénégal
62%
33Nigeria
60%
8Paraguay
56%
27Corée du Sud
55%
31Honduras
54%
3Chili
53%
20URSS
52%
32Equateur
50%
15Hongrie
50%
7Yougoslavie
49%
19Canada
47%
22Arabie Saoudite
44%
4Autriche
44%
17Tchécoslovaquie
35%
9Ecosse
33%
28Togo
31%
10Irlande du Nord
22%
16Koweït
18%

Distribution des résultats

Percentile par nombre de réponses

% des personnes avec chaque résultat

Votre développement - résultats

Vous n’avez pas pris ce quiz depuis la dernière actualisation